छात्रों पर सोशल मीडिया का बढ़ता प्रभाव : (Record no. 27050)

MARC details
000 -LEADER
fixed length control field 00606nam a2200133Ia 4500
041 ## - LANGUAGE CODE
Language code of text/sound track or separate title हिंदी
082 ## - DEWEY DECIMAL CLASSIFICATION NUMBER
Classification number RS.0806
100 ## - MAIN ENTRY--AUTHOR NAME
Personal name सिंह, ओम
245 #0 - TITLE STATEMENT
Title छात्रों पर सोशल मीडिया का बढ़ता प्रभाव :
Sub Title एक आलोचनात्मक अध्ययन /
Statement of responsibility, etc ओम सिंह
260 ## - PUBLICATION, DISTRIBUTION, ETC. (IMPRINT)
Place of publication नई दिल्ली :
Name of publisher/Sponsor भारतीय सामाजिक विज्ञान अनुसंधान परिषद,
300 ## - PHYSICAL DESCRIPTION
Number of Pages 192p
650 ## - SUBJECT ADDED ENTRY--TOPICAL TERM
Topical Term Social Media
Form subdivision Digital Media- Social Aspects
942 ## - ADDED ENTRY ELEMENTS (KOHA)
Source of classification or shelving scheme Dewey Decimal Classification
Koha item type Research Reports
Holdings
Withdrawn status Lost status Damaged status Not for loan Collection code Home library Current library Date acquired Source of acquisition Full call number Accession Number Price effective from Koha item type
      Not For Loan ICSSR Research Project Reports NASSDOC Library NASSDOC Library 18/11/2021 Gifted by: RP Division ICSSR RS.0806 51682 20/12/2021 Research Reports